00295 2200133 4500001002100000005001500021035002000036245004300056300000800099260002200107082000800129084001200137990001200149INLIS00000000000206020250527093241 a0010-0525000352 aBerapakah Berat Bumi /cMarshall Brain a158 bPakar Raya,c2003 a550 a550 BER a0713218